000 00992nam a22002777a 4500
001 BR8205556
003 BR-BrBNA
005 20230928091445.0
007 ta
008 230509b bl.||||| |||| 00| 0 por d
040 _aBR-BrBNA
_bpor
_cBiblioteca Nacional de Agricultura
041 _a(Por)
072 _aK50
_b8901
_b/G514
090 _ 8901 BR8205556
110 1 _aInstituto Brasileiro de Desenvolvimento Florestal, Brasilia, DF;
_95726
110 1 _aInstituto de Pesquisas Tecnologicas do Estado de Sao Paulo S.A., Sao Paulo (Brasil);
110 1 _aAssociacao Brasileira de Preservadores de Madeira, Sao Paulo, SP
111 1 _a1. Encontro Brasileiro em Preservacao de Madeiras
_cSao Paulo, SP (Brazil)
_d25-27 Oct 1982
245 1 _aAnais do 1. Encontro Brasileiro em Preservacao de Madeiras
260 3 _aSao Paulo, SP (Brasil):
_c1982.
300 _a291 p.
650 _aMADEIRA
650 _aPRESERVACAO DA MADEIRA
909 _a202309
_bLucia
_c55
_dLucia Elande
942 _cBK
999 _c33948
_d33948